000 00717nam a2200265Ia 4500
005 20260121170915.0
008 008 260114s9999 xx 000 0 eng d
020 _a9783662583845
037 _aEBOOK
040 _aCRL
040 _beng
040 _cCRL
041 _2eng
041 _aeng
084 _qCRL
100 _aAbdelkader Hameurlain, Roland Wagner, Sven Hartmann, Hui Ma
_91069640
245 0 _aTransactions on Large-Scale Data- and Knowledge-Centered Systems XXXVIII
260 _bSpringer
260 _bSpringer
260 _c2018
856 _uhttps://link.springer.com/openurl?genre=book&isbn=978-3-662-58384-5
942 _cEBOOK
999 _c1635370
_d1635370